000 00638cam a22002293a 4500
001 26789
003 PGUSA
005 20140828083558.0
008 081006s2008||||xxu|||||s|||||000 | eng d
040 _aPGUSA
_beng
042 _adc
245 1 0 _aEmelian the Fool :
_ba tale
_h[electronic resource]
260 _bProject Gutenberg,
_c2008
506 _aPublic domain in the USA.
516 _aElectronic text
653 _aTales -- Russia
700 1 _aWise, Thomas James,
_d1859-1937
700 1 _aBorrow, George,
_d1803-1881
830 0 _aProject Gutenberg
_v26789
856 4 0 _uhttp://www.gutenberg.org/ebooks/26789
942 _cEB
999 _c256044
_d256044